Statistics for Super Smash Bros Characters 64 to WiiU

Click here to take the quiz!

General Stats

  • This quiz has been taken 204 times
    (170 since last reset)
  • The average score is 116 of 142

Answer Stats

SSB64% Correct
Mario
100%
Luigi
95%
Samus
95%
Bowser
93%
Kirby
93%
Link
93%
Peach
93%
Pikachu
93%
Zelda
92%
Donkey Kong
90%
Falco
90%
Marth
88%
Captain Falcon
87%
Fox
87%
Ness
87%
Yoshi
87%
Jigglypuff
85%
Mewtwo
85%
Ganondorf
83%
Lucario
83%
R.O.B.
83%
Diddy Kong
82%
Ike
82%
Lucas
82%
Metaknight
82%
Sheik
82%
Wario
82%
Charizard
80%
Ice Climbers
80%
King Dedede
80%
Roy
80%
Wolf
80%
Sonic
78%
Zero Suit Samus
78%
Megaman
77%
Mr. Game & Watch
77%
Pichu
77%
Pit
77%
Toon Link
77%
Bayonetta
75%
Lucina
75%
Olimar
75%
Ryu
75%
Bowser Jr.
73%
Corrin
73%
Dr. Mario
73%
Wii Fit Trainer
73%
Young Link
73%
Ivysaur
72%
Robin
72%
Solid Snake
72%
Squirtle
72%
Cloud
70%
Pac-Man
70%
Dark Pit
68%
Duck Hunt
67%
Palutena
67%
Greninja
65%
Little Mac
65%
Mii Brawler
63%
Mii Gunner
63%
Mii Swordfighter
63%
Villager
63%
Alph
62%
Charizard
62%
Rosalina & Luma
62%
Shulk
62%
Wendy O.
62%
Ludwig
60%
Iggy
58%
Lemmy
57%
Morton
57%
Larry
55%

Score Distribution

Percentile by Number Answered

Percent of People with Each Score

Your Score History

You have not taken this quiz since the last reset